| 000 | 00827nam a2200229Ii 4500 | ||
|---|---|---|---|
| 003 | JO-AjNU | ||
| 008 | 230605s9999||||xx |||||||||||||| ||und|| | ||
| 017 | _a40198 | ||
| 020 | _a978-9957-82-040-0 | ||
| 040 |
_aJO-AjNU _bara _erda _cJO-AjNU |
||
| 041 | _aara | ||
| 050 | 1 | 4 | _aHF 5657.4.A22 2010 |
| 100 | 3 |
_aعبدالله، عامر / م.مشارك: زهير الحدرب, _eauthor _930492 |
|
| 245 | 0 | 0 | _aالمحاسبة الادارية |
| 250 | _aط1 | ||
| 264 | 3 | 1 | _aعمان: دار البداية ناشرون وموزعون، 2010 |
| 300 |
_a210ص _bيحتوي على قائمة المصطلحات و ببلوغرافية من ص 197-210ص |
||
| 336 |
_atext _btxt _2rdacontent |
||
| 337 |
_aunmediated _bn _2rdamedia |
||
| 338 |
_avolume _bnc _2rdacarrier |
||
| 650 | 4 |
_aالمحاسبة الادارية _930493 |
|
| 999 |
_aA12094 _c15662 _d15662 |
||